| 000 | 00576 a2200181 4500 | ||
|---|---|---|---|
| 999 |
_c3291 _d3291 |
||
| 020 | _a9780199686933 | ||
| 050 | _aKD1554 O'SU 2014 | ||
| 100 |
_aO'Sullivan, Janet, _eAuthor |
||
| 245 |
_aThe law of contract / _cJanet O'Sullivan, Jonathan Hilliard ; |
||
| 250 | _a6th ed | ||
| 264 |
_aOxford : _bOxford University Press, _c2014 |
||
| 300 | _axxxvii, 497 p. | ||
| 440 | _aCore text series | ||
| 500 | _aIncludes bibliographical references and index | ||
| 650 |
_aContracts _xEngland |
||
| 700 |
_aHilliard, Jonathan _eAuthor |
||
| 942 |
_2lcc _cBK _e6th ed. _h1554 _iO'SU _k2014 |
||